000 00209 a2200097 4500
001 1184
100 _aKemp,P.
245 _aAlternating cwveent electrical engg
260 _a
_bMacmillan
_c
090 _c746
_d746
942 _aNUST-CAE
_cM
_c34111
999 _c236257
_d236257